| 000 | 00734nam a22001937a 4500 | ||
|---|---|---|---|
| 999 |
_c16413 _d16413 |
||
| 003 | AR-CdUCM | ||
| 008 | 190503b ||||| |||| 00| 0 spa d | ||
| 040 |
_aMUNICIPALIDAD PROVINCIAL DEL CUSCO _cBIBLIOTECA MUNICIPAL DEL CUSCO |
||
| 082 |
_a330 / _bR65 |
||
| 100 |
_aRobinson, Marshall A. _935842 |
||
| 245 | _aIntroducción al razonamiento económico / | ||
| 260 |
_aMéxico : _bEdit. Limusa-Wiluy, _c1965. |
||
| 300 |
_a294 paginas ; _c23 cm. |
||
| 505 | _aContenido :Problemas y objetivos --La economia y su ingreso --La competencia en nuestra economia --Los trabajadores y los sindicatos --Deudas y dinero ... | ||
| 650 |
_aEconomía _9382 |
||
| 650 |
_aSindicalismo _95257 |
||
| 942 |
_2ddc _cLIBROS |
||
| 945 |
_arjall _d2019-05-03 |
||